000 00553nam a2200181 i 4500
001 38241
003 ES-MaACL
005 20250822012740.0
007 t|
008 030225s1960 sp ||||1| spa d
100 1 _aBurgard, Carlos.
_932618
245 1 3 _aLa Biblia en la liturgia /
_cCarlos Burgard ; traducción de Antonio Alvarez de Linera.
260 _aMadrid :
_bStvdivm,
_c[1960]
300 _a183 p. ;
_c20 cm.
700 1 _aÁlvarez de Linera, Antonio,
_d1888-1961
_9149717
852 _aES-MaACL
_jC-19710
_bR.46985
999 _c38241
_d38241